000 004370000a22001810004500
003 MACL
005 20150916132852.0
008 150916b xxu||||| |||| 00| 0 eng d
040 _aMACL
_cMACL
041 _aEnglish
082 _a823/RAM
100 _aRamachandran, Meera
_911602
245 _aIn Their Shadows
260 _bSrishti Publications
_c2002
_aNew Delhi
350 _a145
650 _aFiction
_911603
942 _cBK
_k823
_2ddc
999 _c8456
_d8456